Central African Countries - Statistics

General Stats
  • This quiz has been taken 138 times
  • The average score is 16 of 22
Answers on the Map
Answers color-coded by a green-red scale on the quiz's map according to % correct below.
 
Answer Stats
Answer % Correct
Ethiopia
90%
South Sudan
87%
Kenya
85%
Somalia
85%
Djibouti
82%
Eritrea
82%
Nigeria
82%
Angola
77%
Central African Republic
77%
Uganda
77%
Cameroon
74%
Cote D'Ivoire
74%
Dem. Rep. of the Congo
74%
Benin
69%
Ghana
69%
Republic of the Congo
67%
Rwanda
67%
Burundi
64%
Togo
64%
Equatorial Guinea
62%
Gabon
62%
Sao Tome and Principe
62%
No matching quizzes found
Score Distribution
Percent of People with Each Score
Percentile by Number Answered
Your Score History
You have not taken this quiz